[Event "Omegna op-B 2nd"]
[Site "Omegna"]
[Date "2014.08.10"]
[Round "4"]
[White "Merighi, Yasin"]
[Black "Nanni, Sergio"]
[Result "0-1"]
[WhiteElo "1576"]
[BlackElo "1706"]
[PlyCount "80"]
[EventDate "2014.08.08"]
[EventType "swiss"]
[EventRounds "5"]
[EventCountry "ITA"]
[SourceTitle "EXT 2015"]
[Source "ChessBase"]
[SourceDate "2014.11.20"]
[SourceVersion "1"]
[SourceVersionDate "2014.11.20"]
[SourceQuality "1"]

1. e4 e5 2. Nf3 Nf6 3. Nc3 Nc6 4. Bb5 Bc5 5. Nxe5 Bxf2+ 6. Kxf2 Nxe5 7. d4 Ng6 8. Rf1 0-0 9. Kg1 h6 10. Bc4 d6 11. Be2 Qe7 12. Bf3 Be6 13. Re1 Rad8 14. Be3 Nh7 15. Bf2 c6 16. Bg3 Ng5 17. Bh5 a6 18. Bxg6 fxg6 19. Bh4 Nf3+ 20. gxf3 Qxh4 21. Qe2 g5 22. Qf2 Qh5 23. Re3 g4 24. Rf1 gxf3 25. Rxf3 Rxf3 26. Qxf3 Qg5+ 27. Kh1 Qe7 28. Re1 Rf8 29. Qg3 Qf7 30. Rg1 Qf6 31. e5 dxe5 32. dxe5 Qf7 33. h3 Bf5 34. Rg2 Bg6 35. Qxg6 Qf1+ 36. Kh2 Rf7 37. e6 Re7 38. Ne4 Qf4+ 39. Kh1 Qf1+ 40. Rg1 Qxh3# 0-1